000 01635cam a22003857i 4500
001 3955771
003 NUST
005 20231202201825.0
007 hd|afa---baca
007 hd|bfa---baaa
008 930422s1929 nyuabf a 000 0 eng
010 _a 93627100
038 _aArshad
040 _aDLC
_cDLC
_dDLC
050 0 0 _aMicrofilm 93/4534 (G)
082 _a916.0421
_bIBN
100 1 _aIbn Batuta,
_d1304-1377.
_992061
240 1 0 _aTuḥfat al-nuẓẓār fī gharāʼib al-amṣār wa-ʻajāʼib al-asfār.
_kSelections.
_lEnglish
245 1 0 _aTravels in Asia and Africa, 1325-1354 /
_cIbn Battúta ; translated and selected by H.A.R. Gibb, with an introduction and notes.
260 _aNew York :
_bR.M. McBride,
_c1929.
300 _avii, 398 p., [8] leaves of plates :
_bill., maps ;
_c23 cm.
490 0 _aThe Argonaut Series
500 _aAt head of title: Ibn Battúta.
500 _aCall number of original: G490.I2 1929a.
500 _aMaster microform held by: DLC.
533 _aMicrofilm.
_bWashington, D.C. :
_cLibrary of Congress Preservation Microfilming Program :
_cAvailable from Library of Congress Photoduplication Service,
_d1993.
_e1 microfilm reel ; 35 mm.
600 1 0 _aIbn Batuta,
_d1304-1377
_xTravel.
_992062
651 0 _aAsia
_xDescription and travel
_vEarly works to 1800.
_992063
651 0 _aAfrica
_xDescription and travel
_vEarly works to 1800.
_992064
700 1 _aGibb, H. A. R.
_q(Hamilton Alexander Rosskeen),
_d1895-1971.
_992065
776 1 _cOriginal
_w(DLC) 30011038
906 _a7
_bcbc
_corignew
_du
_encip
_f19
_gy-genmicro
942 _2ddc
_cBK
999 _c590156
_d590156